000 03252nam a22003617a 4500
003 KnowledgeUnlatched
005 20210303104735.0
006 m o d
007 cr u||||||||||
008 210129p20202020xx o u00| u ger d
037 _5BiblioBoard
245 0 0 _aQualitätsmonitor 2020
_cRalf Kuhlen, Jürgen Klauber, Franz Dormann.
020 _a9783954665860
029 1 _ahttps://library.biblioboard.com/ext/api/media/d8213c7a-a9db-431b-83c1-83817b83d001/assets/thumbnail.jpg
040 _aScCtBLL
_cScCtBLL
506 0 _aAccess copy available to the general public.
_fUnrestricted
_2star
700 1 _aKuhlen, Ralf
_eeditor.
700 1 _aKlauber, Jürgen
_eeditor.
700 1 _aDormann, Franz
_eeditor.
264 1 _bMWV Medizinisch Wissenschaftliche Verlagsgesellschaft,
300 _a1 online resource (1 p.)
520 _aDie Qualität der Versorgung, ihre Sicherung, Verbesserung und Incentivierung sind das erklärte Ziel der Gesetzgebung im Gesundheitswesen der letzten Jahre. Der Qualitätsmonitor widmet sich mit der aktuellen Ausgabe der Notfallversorgung, der Transparenzmängel und Steuerungsdefizite attestiert werden. Für die Diskussion über die Qualität und die Weiterentwicklung der prästationären und stationären Notfallversorgung liefert der Qualitätsmonitor 2020 weitere Impulse. Das von Gesundheitsstadt Berlin, der Initiative Qualitätsmedizin (IQM) und dem Wissenschaftlichen Institut der AOK (WIdO) herausgegebene Werk greift wiederholt relevante Qualitätsthemen aus stationärer und sektorenübergreifender Versorgung auf. Die Fachbeiträge zum Schwerpunkt Notfallversorgung stellen den Stand der politischen Reformdiskussion dar und betrachten für lebensbedrohliche Indikationen die stationäre Notfallversorgung, auch unter Berücksichtigung der bisherigen Erkenntnisse aus der COVID-19-Pandemie. Strukturen und Prozesse im Rettungswesen, regionale Modellprojekte sowie der Stand der Digitalisierung werden diskutiert und Verbesserungsvorschläge unterbreitet. Eine weitere Sektion zeigt Eckdaten zur Versorgungsstruktur und Qualitätsdaten der deutschen Krankenhäuser für ausgewählte Notfallindikationen der stationären Versorgung. Mit seinen Fachbeiträgen und bundesweiten Qualitätsdaten unterstützt der Qualitätsmonitor 2020 fundiert die Qualitätssicherungsdebatte in Deutschland. Den gesundheitspolitischen Akteuren und Anbietern, die mit der Schaffung und Umsetzung gesetzlicher Qualitätsvorgaben befasst sind oder diese mitgestalten wollen, werden relevante Ansätze aufgezeigt und Anregungen zur Weiterentwicklung und Verbesserung der Versorgungsqualität gegeben.
588 0 _aDescription based on print version record.
590 _aKU Open Services
650 7 _aMedical / Administration
_2bisacsh
650 0 _aMedicine
655 0 _aElectronic books.
758 _iIs found in:
_aKnowledge Unlatched
_1https://openresearchlibrary.org/module/2774bc74-146a-484f-a7ba-ab1d6a09bbfb
856 4 0 _uhttps://openresearchlibrary.org/content/d8213c7a-a9db-431b-83c1-83817b83d001
_zView this content on Open Research Library.
_70
999 _c32464
_d32464